| 000 | 00813nam a22002417a 4500 | ||
|---|---|---|---|
| 003 | NALT | ||
| 005 | 20220908151646.0 | ||
| 008 | s2013 eng d | ||
| 020 | _a9781602862401 | ||
| 040 | _aNALT | ||
| 041 | _aeng | ||
| 050 |
_aDA 591.A45C3 _bN52K 2013 |
||
| 100 | 1 |
_aNicholl, Katie _927232 |
|
| 245 | 1 | 0 |
_aKate : _bthe future queen / _cKatie Nicholl. |
| 260 |
_aNew York : _bWeinstein Books, _c2013. |
||
| 300 |
_a354 p. : _bill. ; _c21 cm. |
||
| 600 | 1 | 0 |
_927234 _aWilliam, Prince, _cDuke of Cambridge, _d1982- _xRelations with women |
| 600 | 1 | 0 |
_927235 _aCatherine, _cDuchess of Cambridge, _d1982- |
| 650 | 0 |
_aPrincesses _927233 _zGreat Britain _xBiography |
|
| 850 | _aNALT | ||
| 942 |
_cGB _2lcc |
||
| 998 |
_bปรียานุช คลอวุฒิวัฒน์ _bphon _c101 _j104 _k นางสาวสายฝน ดีงาม |
||
| 999 |
_c70458 _d70458 |
||